| 000 | 01031cam a2200361 i 4500 | ||
|---|---|---|---|
| 999 |
_c200448865 _d67077 |
||
| 003 | TR-AnTOB | ||
| 005 | 20220524172519.0 | ||
| 008 | 220524s1969 mau 000 0 eng d | ||
| 010 | _a2002018476 | ||
| 020 | _a0201075032 | ||
| 035 | _a(DLC) 2002018476 | ||
| 035 | _a(DLC)4097 | ||
| 040 |
_aDLC _beng _erda _cDLC _dDLC _dTR-AnTOB |
||
| 041 | 0 | _aeng | |
| 050 | 0 | 0 |
_aQA303.2 _b.T482 1969 |
| 090 |
_aQA303.2 _b.T482 1969 |
||
| 100 | 1 |
_aThomas, George B., _cJr. _q(George Brinton), _d1914-2006 _eauthor _92163 |
|
| 240 |
_aCalculus. _94260 |
||
| 245 | 1 | 0 | _aThomas' calculus. |
| 246 | 3 | _aCalculus. | |
| 250 | _aThird edition | ||
| 264 | 1 |
_aBoston : _bAddison-Wesley, _c1969. |
|
| 300 |
_axii, 704 pages : _billustrations ; _c24 cm |
||
| 336 |
_atext _btxt _2rdacontent |
||
| 337 |
_aunmediated _bn _2rdamedia |
||
| 338 |
_avolume _bnc _2rdacarrier |
||
| 500 | _aIncludes index. | ||
| 650 |
_aCalculus _9402 |
||
| 650 |
_aGeometry, Analytic _92166 |
||
| 942 |
_cBK _2z |
||